[Event "39th World U20 ch"]
[Site "Yerevan ARM"]
[Date "2000.09.30"]
[Round "11.25"]
[White "Varela, Gaston"]
[Black "Kruger, Peter Helentus"]
[Result "1-0"]
[WhiteElo "2249"]
[BlackElo "2085"]
[EventDate "2000.09.18"]
[PlyCount "179"]

1.d4 e6 2.c4 b6 3.Nc3 Bb7 4.Nf3 f5 5.g3 Nf6 6.Bg2 Bb4 7.Qb3 Be7 8.d5 Na6 
9.O-O Nc5 10.Qc2 O-O 11.Nd4 Qe8 12.b4 Nce4 13.Ncb5 Qh5 14.f3 Ng5 15.h4 Nf7
16.dxe6 Nd6 17.exd7 Nxb5 18.cxb5 Nd5 19.Ne6 Rf6 20.Nf4 Qf7 21.Nxd5 Qxd5 
22.Bg5 Qxd7 23.Bxf6 Bxf6 24.Rad1 Qxb5 25.Qxc7 Ba6 26.Qd7 Qxd7 27.Rxd7 f4 
28.gxf4 Bxh4 29.Rc1 Bb5 30.Rdc7 Bxe2 31.Bf1 Bxf3 32.Bg2 Bxg2 33.Rc8+ Rxc8 
34.Rxc8+ Kf7 35.Kxg2 a5 36.b5 Bf6 37.Kf3 Bd4 38.Ke4 Bf2 39.Kf5 Be3 40.Rc7+
Kg8 41.Ke6 h6 42.Kf5 Kh7 43.Kg4 Kg6 44.f5+ Kf6 45.Rc6+ Kf7 46.Kf3 Bg1 47.
Rc1 Bd4 48.Ke4 Bf2 49.Rc2 Bg3 50.Rg2 Bd6 51.Rd2 Bg3 52.Rd7+ Kf6 53.Rb7 Bf2
54.Rc7 Bg1 55.Rc6+ Kf7 56.Kf4 Bh2+ 57.Kg4 Bg1 58.Kh5 Be3 59.a4 Bd4 60.f6 
gxf6 61.Kxh6 Be3+ 62.Kh5 Bf2 63.Rc7+ Ke6 64.Kg6 Bd4 65.Rc6+ Kd5 66.Kf5 Bc5
67.Kxf6 Kc4 68.Ke5 Kb4 69.Kd5 Bg1 70.Rc4+ Kb3 71.Rg4 Bf2 72.Kc6 Bc5 73.Kb7
Bf2 74.Ka6 Bc5 75.Rg5 Bf2 76.Rg6 Kxa4 77.Rxb6 Bxb6 78.Kxb6 Kb4 79.Kc6 a4 
80.b6 a3 81.b7 Kb3 82.b8=Q+ Kc2 83.Qe5 Kb1 84.Qe1+ Kb2 85.Qd2+ Kb1 86.Kb5 
a2 87.Kb4 a1=Q 88.Kb3 Qc3+ 89.Kxc3 Ka1 90.Qb2# 1-0

[Event "39th World U20 ch"]
[Site "Yerevan ARM"]
[Date "2000.09.30"]
[Round "11.26"]
[White "Wegener, Olaf"]
[Black "Jirka, Jiri"]
[Result "1-0"]
[WhiteElo "2336"]
[BlackElo "2302"]
[EventDate "2000.09.18"]
[PlyCount "48"]

1.e4 e5 2.Nf3 Nc6 3.Bb5 Nd4 4.Nxd4 exd4 5.Bc4 h5 6.d3 Bc5 7.Nd2 c6 8.c3 d5
9.exd5 cxd5 10.Bb5+ Kf8 11.cxd4 Bxd4 12.O-O Nf6 13.Nf3 Bg4 14.Qb3 Bb6 15.
Ne5 a6 16.Qa3+ Kg8 17.Ba4 Bd4 18.Bf4 b5 19.Nc6 Qb6 20.Ne7+ Kh7 21.Bc2 g6 
22.Rae1 Rhe8 23.Bd2 a5 24.b4 Qd6 1-0

[Event "39th World U20 ch"]
[Site "Yerevan ARM"]
[Date "2000.09.30"]
[Round "11.29"]
[White "Al-Sayed, Mohamad Naser"]
[Black "Gombac, Jan"]
[Result "0-1"]
[WhiteElo "2370"]
[BlackElo "2215"]
[EventDate "2000.09.18"]
[PlyCount "44"]

1.e4 c5 2.Nf3 d6 3.d4 cxd4 4.Nxd4 Nf6 5.Nc3 Nc6 6.Bc4 e6 7.Bb3 Be7 8.f4 
O-O 9.Be3 Nxd4 10.Qxd4 Ng4 11.Bd2 d5 12.exd5 Bf6 13.Qg1 b5 14.O-O-O a5 15.
a4 bxa4 16.Nxa4 Bd7 17.h3 Bxa4 18.Bxa4 Qxd5 19.Bb3 Qb7 20.hxg4 a4 21.Be3 
axb3 22.c3 Qe4 0-1

[Event "39th World U20 ch"]
[Site "Yerevan ARM"]
[Date "2000.10.01"]
[Round "12.1"]
[White "Bruzon Batista, Lazaro"]
[Black "Acs, Peter"]
[Result "1-0"]
[WhiteElo "2534"]
[BlackElo "2497"]
[EventDate "2000.09.18"]
[PlyCount "123"]

1.e4 c5 2.Nf3 d6 3.Bc4 e6 4.d3 Nc6 5.Bb3 Nf6 6.c3 Be7 7.O-O O-O 8.Re1 d5 
9.e5 Nd7 10.c4 Nb6 11.Nc3 f5 12.exf6 Bxf6 13.Na4 Nxa4 14.Bxa4 dxc4 15.dxc4
Qxd1 16.Bxd1 b6 17.Rb1 Bb7 18.a3 Nd4 19.Ng5 h6 20.Ne4 Be7 21.Bd2 Rad8 22.
Bc3 Rf4 23.Ng3 Rdf8 24.Bxd4 Rxd4 25.Rxe6 Bf6 26.Re2 Rfd8 27.Bc2 Kf7 28.b3 
Rd2 29.Rbe1 Bc6 30.Kf1 b5 31.Be4 Rxe2 32.Kxe2 Bxe4 33.Nxe4 bxc4 34.bxc4 
Rd4 35.f3 Be7 36.Rc1 g6 37.Rc3 h5 38.g3 a5 39.Nd2 Rd7 40.Rd3 Rb7 41.Rb3 
Rd7 42.Rb5 a4 43.Ra5 h4 44.gxh4 Rd4 45.Rxa4 Rxh4 46.Ra6 Rxh2+ 47.Kd3 Rf2 
48.Ke3 Rg2 49.Ne4 Rb2 50.Ra5 Ra2 51.Nc3 Rc2 52.Nd5 Bd6 53.Ra6 Be5 54.Kd3 
Rc1 55.f4 Bh8 56.Ra8 Bd4 57.a4 Rd1+ 58.Kc2 Ra1 59.a5 Ra3 60.a6 Kg7 61.a7 
Kf7 62.Nc7 1-0

[Event "39th World U20 ch"]
[Site "Yerevan ARM"]
[Date "2000.10.01"]
[Round "12.3"]
[White "Solak, Dragan"]
[Black "Miton, Kamil"]
[Result "1/2-1/2"]
[WhiteElo "2490"]
[BlackElo "2443"]
[EventDate "2000.09.18"]
[PlyCount "33"]

1.e4 c5 2.Nf3 Nc6 3.d4 cxd4 4.Nxd4 e5 5.Nb5 d6 6.N1c3 a6 7.Na3 b5 8.Nd5 
Nf6 9.Bg5 Be7 10.Bxf6 Bxf6 11.c3 O-O 12.Nc2 Bg5 13.a4 bxa4 14.Rxa4 a5 15.
Bb5 Ne7 16.Nxe7+ Qxe7 17.Nb4 1/2-1/2

[Event "39th World U20 ch"]
[Site "Yerevan ARM"]
[Date "2000.10.01"]
[Round "12.4"]
[White "Bunzmann, Dimitrij"]
[Black "Gershon, Alik"]
[Result "1/2-1/2"]
[WhiteElo "2484"]
[BlackElo "2502"]
[EventDate "2000.09.18"]
[PlyCount "21"]

1.d4 Nf6 2.c4 e6 3.Nc3 Bb4 4.Nf3 c5 5.g3 O-O 6.Bg2 cxd4 7.Nxd4 d5 8.cxd5 
Nxd5 9.Qb3 Qb6 10.Bxd5 exd5 11.Be3 1/2-1/2

[Event "39th World U20 ch"]
[Site "Yerevan ARM"]
[Date "2000.10.01"]
[Round "12.5"]
[White "Ghaem Maghami, Ehsan"]
[Black "Simutowe, Amon"]
[Result "1/2-1/2"]
[WhiteElo "2488"]
[BlackElo "2322"]
[EventDate "2000.09.18"]
[PlyCount "60"]

1.e4 c5 2.c3 Nf6 3.e5 Nd5 4.d4 cxd4 5.Nf3 e6 6.cxd4 b6 7.Nc3 Nxc3 8.bxc3 
Qc7 9.Bd2 h6 10.Bd3 Bb7 11.O-O Nc6 12.Qe2 Rc8 13.Rab1 Na5 14.c4 Nxc4 15.
Rfc1 Bd5 16.Bb4 Qc6 17.a4 a6 18.Bxf8 Rxf8 19.Nd2 b5 20.Ne4 Bxe4 21.Bxe4 d5
22.exd6 Qd7 23.axb5 axb5 24.Bb7 Qxb7 25.Rxc4 Rxc4 26.Qxc4 bxc4 27.Rxb7 c3 
28.Kf1 c2 29.Rc7 c1=Q+ 30.Rxc1 Kd7 1/2-1/2

[Event "39th World U20 ch"]
[Site "Yerevan ARM"]
[Date "2000.10.01"]
[Round "12.6"]
[White "Malakhov, Vladimir"]
[Black "Harikrishna, Pentala"]
[Result "1-0"]
[WhiteElo "2605"]
[BlackElo "2500"]
[EventDate "2000.09.18"]
[PlyCount "89"]

1.Nf3 Nf6 2.c4 e6 3.Nc3 d5 4.d4 Be7 5.cxd5 exd5 6.Bg5 h6 7.Bh4 O-O 8.e3 b6
9.Bd3 Bb7 10.O-O Nbd7 11.Qe2 a6 12.Rfd1 Re8 13.Rac1 Ne4 14.Bxe7 Qxe7 15.
Qc2 Ndf6 16.h3 Rac8 17.Qe2 Ra8 18.Na4 Qd6 19.a3 Re7 20.Rc2 Bc6 21.Nc3 Nxc3
22.Rxc3 Ne4 23.Rcc1 Ba4 24.Re1 c5 25.Ne5 Ng5 26.h4 Nh7 27.Qf3 Nf6 28.Qf4 
c4 29.Bf5 Nh5 30.Qf3 Nf6 31.Nxc4 Qd8 32.Ne5 Rc7 33.g4 Ne8 34.Rxc7 Nxc7 35.
Rc1 Be8 36.Bd7 Ne6 37.Bxe8 Qxe8 38.Qxd5 Rd8 39.Qf3 f6 40.Nd3 Qb5 41.Qf5 
Qb3 42.Rc3 Qd1+ 43.Kg2 Nf8 44.Nf4 Qd2 45.Rc7 1-0

[Event "39th World U20 ch"]
[Site "Yerevan ARM"]
[Date "2000.10.01"]
[Round "12.7"]
[White "Aronian, Levon"]
[Black "Jobava, Baadur"]
[Result "1-0"]
[WhiteElo "2551"]
[BlackElo "2480"]
[EventDate "2000.09.18"]
[PlyCount "69"]

1.e4 c5 2.Nf3 d6 3.d4 cxd4 4.Nxd4 Nf6 5.Nc3 a6 6.Be3 Ng4 7.Bg5 h6 8.Bh4 g5
9.Bg3 Bg7 10.Qd2 Nc6 11.Nb3 b5 12.f3 Nge5 13.Bf2 Rb8 14.Nd5 f5 15.exf5 
Bxf5 16.Nd4 O-O 17.h4 e6 18.Nc3 Nxd4 19.Bxd4 gxh4 20.f4 Ng6 21.Bxg7 Kxg7 
22.O-O-O Rc8 23.Bd3 Bxd3 24.Qxd3 Rxf4 25.Kb1 d5 26.g4 hxg3 27.Qxg3 Qg5 28.
Qe3 Qe5 29.Qb6 b4 30.Ne2 Qxe2 31.Qb7+ Ne7 32.Qxe7+ Kg6 33.Rdg1+ Kf5 34.
Qf7+ Ke5 35.Re1 1-0

[Event "39th World U20 ch"]
[Site "Yerevan ARM"]
[Date "2000.10.01"]
[Round "12.9"]
[White "Berg, Emanuel"]
[Black "Blehm, Pawel"]
[Result "1/2-1/2"]
[WhiteElo "2456"]
[BlackElo "2510"]
[EventDate "2000.09.18"]
[PlyCount "67"]

1.e4 e5 2.Nf3 Nc6 3.d4 exd4 4.Nxd4 Bc5 5.Be3 Qf6 6.c3 Qg6 7.Qe2 Nxd4 8.
cxd4 Bb4+ 9.Bd2 Bxd2+ 10.Nxd2 Ne7 11.g3 O-O 12.Bg2 d5 13.exd5 Bf5 14.O-O 
Rfe8 15.Rfe1 Bd7 16.Qc4 Qb6 17.Qc5 Nf5 18.Nc4 Qb5 19.b3 g6 20.Ne5 f6 21.
Ng4 Kf7 22.Ne3 Nxe3 23.Qxb5 Bxb5 24.fxe3 f5 25.Rac1 Rac8 26.Rc5 Ba6 27.
Rec1 Rxe3 28.Bf1 Bxf1 29.Rxc7+ Rxc7 30.Rxc7+ Ke8 31.Kxf1 Re7 32.Rc8+ Kd7 
33.Rh8 Kd6 34.Kf2 1/2-1/2

[Event "39th World U20 ch"]
[Site "Yerevan ARM"]
[Date "2000.10.01"]
[Round "12.10"]
[White "Ganguly, Surya Shekhar"]
[Black "Iliushin, Alexei"]
[Result "1/2-1/2"]
[WhiteElo "2498"]
[BlackElo "2509"]
[EventDate "2000.09.18"]
[PlyCount "33"]

1.e4 e6 2.d4 d5 3.Nd2 Nf6 4.e5 Nfd7 5.f4 c5 6.c3 cxd4 7.cxd4 Nc6 8.Ndf3 f5
9.Bd3 Nb6 10.Ne2 Be7 11.h3 Bd7 12.g4 O-O 13.Kf2 Be8 14.Kg2 Bg6 15.Ng3 Rc8 
16.a3 Qe8 17.Rb1 1/2-1/2

[Event "39th World U20 ch"]
[Site "Yerevan ARM"]
[Date "2000.10.01"]
[Round "12.11"]
[White "Lopez Martinez, Josep Manuel"]
[Black "Senff, Martin"]
[Result "1/2-1/2"]
[WhiteElo "2477"]
[BlackElo "2354"]
[EventDate "2000.09.18"]
[PlyCount "126"]

1.d4 d5 2.c4 e6 3.Nf3 Nf6 4.Nc3 c6 5.Bg5 dxc4 6.e4 b5 7.e5 b4 8.exf6 gxf6 
9.Bh4 bxc3 10.bxc3 Ba6 11.Nd2 Qd5 12.Bxf6 Rg8 13.Be5 Bh6 14.Bg3 Nd7 15.Be2
Bxd2+ 16.Qxd2 Qxg2 17.O-O-O Qd5 18.Rhe1 Nb6 19.Qc2 Qa5 20.Bf3 Nd5 21.Bxd5 
cxd5 22.Bd6 Bb5 23.Bb4 Qc7 24.Qxh7 Qf4+ 25.Rd2 O-O-O 26.Bc5 Rg2 27.Qh3 
Rxh2 28.Qe3 Qxe3 29.fxe3 Rxd2 30.Kxd2 a6 31.Rf1 f5 32.Rg1 Rh8 33.Bd6 Kd7 
34.Bf4 Rh7 35.Kc2 Kc6 36.Kb2 Kb6 37.Ka3 Rb7 38.Bd6 Bd7 39.Rg8 Kc6 40.Bc5 
Rb1 41.Ra8 Re1 42.Rxa6+ Kb7 43.Ra7+ Kc6 44.Kb4 Rxe3 45.a4 f4 46.Ra6+ Kb7 
47.Rb6+ Kc7 48.a5 Bc6 49.Ra6 Re1 50.Bb6+ Kd6 51.Ra7 Rb1+ 52.Ka3 Bd7 53.
Bc7+ Kc6 54.Bxf4 Rb7 55.Ra6+ Kb5 56.Ra8 Bc6 57.Rc8 Bd7 58.Ra8 Bc6 59.Bg5 
Rg7 60.Rb8+ Rb7 61.Rc8 Ra7 62.Bd8 Ra8 63.Rxa8 Bxa8 1/2-1/2

[Event "39th World U20 ch"]
[Site "Yerevan ARM"]
[Date "2000.10.01"]
[Round "12.12"]
[White "Arutinian, David"]
[Black "Sargissian, Gabriel"]
[Result "1/2-1/2"]
[WhiteElo "2309"]
[BlackElo "2474"]
[EventDate "2000.09.18"]
[PlyCount "106"]

1.e4 c6 2.d4 d5 3.Nc3 dxe4 4.Nxe4 Nd7 5.Ng5 Ngf6 6.Bc4 e6 7.Qe2 Nb6 8.Bd3 
h6 9.N5f3 c5 10.dxc5 Bxc5 11.Ne5 Nbd7 12.Ngf3 Bd6 13.Bd2 Nxe5 14.Nxe5 Qc7 
15.Bb5+ Kf8 16.Nc4 Bc5 17.Ba4 a6 18.Bb3 b5 19.Ne3 Bb7 20.a4 b4 21.f3 a5 
22.O-O-O Ba6 23.Nc4 Ke7 24.Be1 Bd6 25.Rxd6 Bxc4 26.Bxc4 Qxd6 27.Bg3 Qc5 
28.Bf2 Qg5+ 29.Be3 Qe5 30.f4 Qc7 31.f5 Rhc8 32.Bb3 e5 33.g4 Kf8 34.h4 Ne4 
35.g5 Nc5 36.Bxc5+ Qxc5 37.gxh6 gxh6 38.f6 Rc6 39.Qg2 Ra7 40.Qg7+ Ke8 41.
Rd1 Rd6 42.Qg8+ Kd7 43.Qxf7+ Kc6 44.Qe8+ Rad7 45.Qc8+ Kb6 46.Qxd7 Rxd7 47.
Rxd7 e4 48.f7 e3 49.Rd1 Qf5 50.Kb1 e2 51.Re1 Qf1 52.Ka2 Qxe1 53.f8=Q Qd2 
1/2-1/2

[Event "39th World U20 ch"]
[Site "Yerevan ARM"]
[Date "2000.10.01"]
[Round "12.13"]
[White "Svetuschin, Dumitru"]
[Black "Petrik, Tomas"]
[Result "1-0"]
[WhiteElo "2472"]
[BlackElo "2289"]
[EventDate "2000.09.18"]
[PlyCount "73"]

1.e4 e5 2.Nf3 Nf6 3.d4 exd4 4.e5 Ne4 5.Qxd4 d5 6.exd6 Nxd6 7.Nc3 Nc6 8.Qf4
g6 9.Be3 Bg7 10.O-O-O Bd7 11.Nb5 O-O 12.Bc5 Re8 13.Bxd6 cxd6 14.Nxd6 Re7 
15.Bc4 Ne5 16.Nxf7 Nxf7 17.Ng5 Qb6 18.Bxf7+ Kh8 19.Bb3 Rf8 20.Qh4 Bf6 21.
Rhe1 Qc5 22.f4 Bc6 23.Rxe7 Qxe7 24.Qg3 a5 25.a3 a4 26.Bd5 Bxd5 27.Rxd5 h6 
28.Nf3 Qe6 29.Rd3 Qa2 30.Qxg6 Qxb2+ 31.Kd2 Bg7 32.Ne5 Rc8 33.Rd7 Qc3+ 34.
Kd1 Qa1+ 35.Ke2 Rxc2+ 36.Qxc2 Qg1 37.Rd8+ 1-0

[Event "39th World U20 ch"]
[Site "Yerevan ARM"]
[Date "2000.10.01"]
[Round "12.14"]
[White "Jenni, Florian"]
[Black "Izoria, Zviad"]
[Result "1/2-1/2"]
[WhiteElo "2440"]
[BlackElo "2450"]
[EventDate "2000.09.18"]
[PlyCount "38"]

1.e4 c5 2.Nf3 d6 3.d4 cxd4 4.Nxd4 Nf6 5.Nc3 Nc6 6.f3 Nxd4 7.Qxd4 g6 8.Bg5 
Bg7 9.Qd2 O-O 10.Bc4 Be6 11.Bb3 Rc8 12.O-O Bc4 13.Rfe1 b5 14.Rad1 Re8 15.
Bxc4 bxc4 16.e5 dxe5 17.Qxd8 Rexd8 18.Rxd8+ Rxd8 19.Rxe5 h6 1/2-1/2

[Event "39th World U20 ch"]
[Site "Yerevan ARM"]
[Date "2000.10.01"]
[Round "12.15"]
[White "Zhang Pengxiang"]
[Black "Mateuta, Gabriel"]
[Result "1-0"]
[WhiteElo "2525"]
[BlackElo "2409"]
[EventDate "2000.09.18"]
[PlyCount "59"]

1.e4 g6 2.d4 Bg7 3.Nc3 d6 4.Nf3 a6 5.Be3 b5 6.Bd3 Nd7 7.a4 b4 8.Ne2 Bb7 9.
c3 Ngf6 10.Ng3 c5 11.cxb4 cxb4 12.a5 h5 13.h4 d5 14.e5 Ne4 15.Ng5 Nxg5 16.
Bxg5 Nb8 17.e6 Qd6 18.exf7+ Kxf7 19.Ne2 Nc6 20.Nf4 Nxd4 21.Nxg6 e5 22.
Nxh8+ Rxh8 23.Be3 e4 24.Bxa6 Nc2+ 25.Qxc2 Bxa6 26.Rd1 d4 27.Qb3+ Kg6 28.
Rh3 Be5 29.Bxd4 Bxd4 30.Qg3+ 1-0

[Event "39th World U20 ch"]
[Site "Yerevan ARM"]
[Date "2000.10.01"]
[Round "12.16"]
[White "Kallio, Heikki"]
[Black "Fedorchuk, Sergei"]
[Result "0-1"]
[WhiteElo "2451"]
[BlackElo "2408"]
[EventDate "2000.09.18"]
[PlyCount "82"]

1.e4 c5 2.Nf3 d6 3.d4 cxd4 4.Nxd4 Nf6 5.Nc3 a6 6.Be3 e6 7.g4 h5 8.gxh5 b5 
9.a3 Bb7 10.Bg2 Nbd7 11.Qe2 Rc8 12.Bg5 Qb6 13.Rd1 Rxh5 14.f4 Rc4 15.Nb3 g6
16.h4 Bg7 17.Rd3 Nh7 18.Nd2 Nxg5 19.hxg5 Rxh1+ 20.Bxh1 Bxc3 21.bxc3 Ra4 
22.Qh2 Rxa3 23.Ke2 Ra1 24.Nb3 Ra2 25.Rd2 Qc7 26.e5 Qc4+ 27.Ke1 Bxh1 28.
Qh8+ Nf8 29.exd6 Qe4+ 30.Re2 Qc6 31.d7+ Qxd7 32.Qxh1 Qc8 33.Rd2 Ra4 34.Qf3
Rc4 35.Rd3 Nd7 36.Nd2 Rc6 37.Ne4 Ke7 38.Rd4 Nb6 39.c4 Rxc4 40.Qd3 Nd5 41.
Nf6 Rxd4 0-1

[Event "39th World U20 ch"]
[Site "Yerevan ARM"]
[Date "2000.10.01"]
[Round "12.18"]
[White "Halkias, Stelios"]
[Black "Skytte, Rasmus"]
[Result "1-0"]
[WhiteElo "2502"]
[BlackElo "2323"]
[EventDate "2000.09.18"]
[PlyCount "53"]

1.d4 d5 2.c4 dxc4 3.e3 Nf6 4.Bxc4 e6 5.Nf3 a6 6.a3 b5 7.Ba2 Bb7 8.O-O Be7 
9.Nc3 O-O 10.Qe2 c5 11.Rd1 Qb6 12.dxc5 Bxc5 13.b4 Be7 14.e4 Qc6 15.Bb2 
Nxe4 16.Rac1 Nxc3 17.Rxc3 Qe4 18.Re3 Qg4 19.Rd4 Qh5 20.h3 Bf6 21.Rg4 Nd7 
22.Ne5 Bxe5 23.Rxe5 Nxe5 24.Rxg7+ Kxg7 25.Qxh5 f6 26.Bxe5 fxe5 27.Qg5+ 1-0

[Event "39th World U20 ch"]
[Site "Yerevan ARM"]
[Date "2000.10.01"]
[Round "12.20"]
[White "Perelshteyn, Eugene"]
[Black "Haznedaroglu, Kivanc"]
[Result "1/2-1/2"]
[WhiteElo "2424"]
[BlackElo "2249"]
[EventDate "2000.09.18"]
[PlyCount "90"]

1.e4 e6 2.d4 d5 3.Nc3 Bb4 4.e5 Ne7 5.Bd2 b6 6.Qg4 O-O 7.Nf3 Ba6 8.Bxa6 
Nxa6 9.a3 Bxc3 10.bxc3 Qd7 11.h4 Kh8 12.h5 h6 13.Nh4 c5 14.Rh3 Nf5 15.Rf3 
Nxh4 16.Qxh4 Qd8 17.Qxd8 Raxd8 18.g4 Rc8 19.O-O-O Kh7 20.g5 hxg5 21.Bxg5 
Rc7 22.Rg1 Nb8 23.Rfg3 cxd4 24.cxd4 Nc6 25.Rg4 Rfc8 26.Bh4 Rg8 27.Kd2 Rcc8
28.Kd3 Na5 29.Be7 Rce8 30.Bg5 Nc4 31.Bc1 b5 32.f4 Rc8 33.f5 exf5 34.Rf4 g6
35.hxg6+ Rxg6 36.Rh4+ Kg8 37.Rgh1 Rg3+ 38.Ke2 Nb6 39.Rh8+ Kg7 40.R1h7+ Kg6
41.Rh6+ Kg7 42.R8h7+ Kg8 43.Bf4 Rg4 44.Rh8+ Kg7 45.R6h7+ Kg6 1/2-1/2

[Event "39th World U20 ch"]
[Site "Yerevan ARM"]
[Date "2000.10.01"]
[Round "12.21"]
[White "Varela, Gaston"]
[Black "Felgaer, Ruben"]
[Result "1/2-1/2"]
[WhiteElo "2249"]
[BlackElo "2390"]
[EventDate "2000.09.18"]
[PlyCount "65"]

1.d4 Nf6 2.Nf3 c5 3.e3 g6 4.c4 Bg7 5.Be2 O-O 6.O-O cxd4 7.exd4 d5 8.Nc3 
Nc6 9.Bg5 Ne4 10.Bh4 Nxc3 11.bxc3 Be6 12.Ng5 Bf5 13.cxd5 Qxd5 14.Bf3 Qa5 
15.g4 Bd7 16.Ne4 Rae8 17.Qd3 Kh8 18.Nc5 Bc8 19.Qc4 e5 20.d5 b5 21.Qb3 Qb6 
22.Ne4 Na5 23.Qb4 Nc4 24.Be2 Bxg4 25.Bxc4 bxc4 26.Qxb6 axb6 27.Nf6 Bxf6 
28.Bxf6+ Kg8 29.Rfe1 Bf3 30.d6 Re6 31.Bxe5 Rfe8 32.d7 Rd8 33.Bc7 1/2-1/2

[Event "39th World U20 ch"]
[Site "Yerevan ARM"]
[Date "2000.10.01"]
[Round "12.22"]
[White "Kabanov, Nikolai"]
[Black "Goldenberg, Danny"]
[Result "1-0"]
[WhiteElo "2385"]
[BlackElo "2310"]
[EventDate "2000.09.18"]
[PlyCount "85"]

1.e4 g6 2.c4 Bg7 3.Nc3 d6 4.g3 Nc6 5.Bg2 e5 6.Nge2 f5 7.O-O Nf6 8.exf5 
gxf5 9.d4 O-O 10.d5 Ne7 11.f4 Ng6 12.Kh1 Qe7 13.Qc2 a6 14.Bd2 Bd7 15.Rae1 
Qf7 16.fxe5 dxe5 17.Be3 Ng4 18.Bc5 Bh6 19.Ng1 b6 20.Bxf8 Rxf8 21.Nd1 f4 
22.h3 Nf6 23.g4 f3 24.Nxf3 Bf4 25.Nf2 h5 26.Nd3 Nxg4 27.Nxf4 exf4 28.Ng5 
Qf6 29.Ne6 Rf7 30.Be4 N6e5 31.hxg4 Nxg4 32.Re2 Bxe6 33.dxe6 Rg7 34.Bd5 Kh8
35.Qd2 c6 36.Bxc6 f3 37.Bxf3 Qh4+ 38.Rh2 Nxh2 39.Qxh2 Qxc4 40.Re1 h4 41.
Qb8+ Rg8 42.Qe5+ Rg7 43.e7 1-0

[Event "39th World U20 ch"]
[Site "Yerevan ARM"]
[Date "2000.10.01"]
[Round "12.23"]
[White "Gagunashvili, Merab"]
[Black "Kozhukharov, Spas"]
[Result "1/2-1/2"]
[WhiteElo "2321"]
[BlackElo "2196"]
[EventDate "2000.09.18"]
[PlyCount "231"]

1.d4 Nf6 2.c4 c5 3.d5 b5 4.cxb5 a6 5.bxa6 Bxa6 6.Nc3 g6 7.Nf3 d6 8.e4 Bxf1
9.Kxf1 Nbd7 10.g3 Bg7 11.Kg2 O-O 12.Qc2 Ra7 13.Re1 Qa8 14.b3 Rb8 15.Bb2 
Ne8 16.Nd2 Nc7 17.Nc4 Na6 18.a4 Nc7 19.Na3 Rb4 20.Nab5 Nxb5 21.Nxb5 Bxb2 
22.Qxb2 Raxa4 23.Rxa4 Qxa4 24.bxa4 Rxb2 25.Ra1 Kf8 26.Nc3 Ke8 27.a5 Kd8 
28.a6 Nb6 29.Na4 Nxa4 30.Rxa4 Rb8 31.e5 dxe5 32.Kf3 Kc7 33.a7 Ra8 34.Ra6 
Kb7 35.Rc6 Rxa7 36.Rxc5 Ra4 37.h4 f5 38.Rc6 Ra3+ 39.Ke2 Ra6 40.Rc5 Rd6 41.
Ke3 Kb6 42.Rc8 Rxd5 43.Rh8 Kc7 44.Rxh7 Kd7 45.Rh6 Rd6 46.h5 gxh5 47.Rxh5 
Ke6 48.Rh8 Kd5 49.Rf8 e6 50.Ra8 Rd7 51.Ra5+ Kd6 52.Rb5 Ra7 53.Rb3 Ke7 54.
Rc3 Kf6 55.Rc8 e4 56.Rc6 Ra3+ 57.Ke2 Ke5 58.Rb6 Ra5 59.Rc6 Kd5 60.Rb6 Ra2+
61.Ke3 e5 62.Rf6 Ra3+ 63.Ke2 Rf3 64.Ra6 f4 65.gxf4 exf4 66.Rf6 Ke5 67.Rf8 
Rb3 68.Re8+ Kd4 69.Rd8+ Kc5 70.Rc8+ Kd6 71.Rd8+ Ke5 72.Re8+ Kf5 73.Rf8+ 
Kg5 74.Rg8+ Kh5 75.Rh8+ Kg6 76.Rg8+ Kf7 77.Rg4 Rf3 78.Rg5 Kf6 79.Rd5 Rb3 
80.Ra5 Rb2+ 81.Ke1 Rc2 82.Rb5 Ke6 83.Ra5 Kd6 84.Rf5 f3 85.Rf8 Re2+ 86.Kf1 
Rb2 87.Ke1 Rb5 88.Kd2 Ke5 89.Re8+ Kf4 90.Rf8+ Rf5 91.Rg8 Rd5+ 92.Ke1 Rb5 
93.Rf8+ Ke5 94.Re8+ Kd4 95.Rd8+ Rd5 96.Rc8 Kd3 97.Rc7 Rd8 98.Re7 Rd4 99.
Rc7 Rc4 100.Rd7+ Kc2 101.Rd8 Kc1 102.Re8 Kc2 103.Rd8 Rc3 104.Re8 Rc5 105.
Rd8 Kc3 106.Re8 Kd4 107.Rd8+ Ke5 108.Re8+ Kf4 109.Rf8+ Rf5 110.Re8 Rf6 
111.Rg8 Rf7 112.Re8 Rf5 113.Rg8 Rh5 114.Rf8+ Kg4 115.Rg8+ Kh3 116.Kd2 
1/2-1/2

[Event "39th World U20 ch"]
[Site "Yerevan ARM"]
[Date "2000.10.01"]
[Round "12.25"]
[White "Jakic, Ivan"]
[Black "Fernando, Diogo"]
[Result "1/2-1/2"]
[WhiteElo "2272"]
[BlackElo "2257"]
[EventDate "2000.09.18"]
[PlyCount "152"]

1.e4 c5 2.Nf3 d6 3.d4 cxd4 4.Nxd4 Nf6 5.Nc3 Nc6 6.Bg5 a6 7.f4 Qb6 8.Nb3 
Qe3+ 9.Qe2 Qxe2+ 10.Bxe2 e6 11.O-O-O Be7 12.Bf3 h6 13.Bxf6 gxf6 14.a4 Bd7 
15.a5 Rc8 16.Kb1 Bd8 17.g3 Ke7 18.Rd3 Nxa5 19.Rhd1 Nc4 20.e5 d5 21.Bxd5 
exd5 22.Nxd5+ Ke8 23.Nxf6+ Bxf6 24.Rxd7 Rd8 25.Nc5 Nb6 26.Rxd8+ Bxd8 27.
Nxb7 Bc7 28.Nc5 a5 29.Na6 Bd8 30.Rd4 h5 31.c4 Rh6 32.Nc5 Rc6 33.Nb7 Nd7 
34.Nd6+ Ke7 35.Nf5+ Ke8 36.Ng7+ Ke7 37.Nxh5 Bb6 38.Re4 Nc5 39.Re2 Nd3 40.
Kc2 Nf2 41.b3 a4 42.Nf6 Bd4 43.Nd5+ Kf8 44.bxa4 Rxc4+ 45.Kb3 Rc5 46.Nf6 
Rc3+ 47.Kb4 Nd3+ 48.Kb5 Rc5+ 49.Ka6 Nb4+ 50.Kb7 Ra5 51.Nd7+ Ke8 52.Nb6 Ra6
53.Nc8 Rxa4 54.e6 fxe6 55.Rxe6+ Kf7 56.f5 Ra5 57.Nd6+ Kg7 58.Re4 Ra7+ 59.
Kc8 Nc6 60.Nb5 Ra4 61.Kd7 Rc4 62.Nd6 Rc5 63.g4 Be5 64.h4 Bg3 65.g5 Rd5 66.
Re6 Rxd6+ 67.Rxd6 Bxd6 68.Kxd6 Nd4 69.Ke5 Nf3+ 70.Ke6 Nxh4 71.f6+ Kf8 72.
f7 Kg7 73.Ke7 Ng6+ 74.Ke8 Nf8 75.Ke7 Ng6+ 76.Ke6 Nf8+ 1/2-1/2

[Event "39th World U20 ch"]
[Site "Yerevan ARM"]
[Date "2000.10.01"]
[Round "12.26"]
[White "Pridorozhny, Alexei"]
[Black "Kruger, Peter Helentus"]
[Result "1-0"]
[WhiteElo "2396"]
[BlackElo "2085"]
[EventDate "2000.09.18"]
[PlyCount "51"]

1.e4 c5 2.Nf3 Nc6 3.Bb5 g6 4.Bxc6 dxc6 5.d3 Bg7 6.h3 Qc7 7.Nc3 e5 8.Be3 b6
9.Qd2 h6 10.a3 Be6 11.O-O f5 12.exf5 gxf5 13.Qe2 O-O-O 14.Bf4 exf4 15.
Qxe6+ Kb7 16.Rfe1 Rf8 17.Re2 h5 18.Rae1 Rh6 19.Qb3 Bf6 20.Na4 Ka6 21.Re8 
Qg7 22.R1e6 Rxe8 23.Nxc5+ bxc5 24.Rxc6+ Ka5 25.Rxc5+ Ka6 26.Qb5# 1-0

[Event "39th World U20 ch"]
[Site "Yerevan ARM"]
[Date "2000.10.01"]
[Round "12.29"]
[White "Gombac, Jan"]
[Black "Asauskas, Henrikas"]
[Result "0-1"]
[WhiteElo "2215"]
[BlackElo "2245"]
[EventDate "2000.09.18"]
[PlyCount "152"]

1.e4 c5 2.Nf3 d6 3.d4 cxd4 4.Nxd4 Nf6 5.Nc3 g6 6.Be2 Bg7 7.Be3 O-O 8.Nb3 
Nc6 9.f4 Be6 10.g4 d5 11.f5 Bc8 12.exd5 Nb4 13.Bf3 gxf5 14.a3 fxg4 15.axb4
gxf3 16.Qxf3 Bg4 17.Qg2 Kh8 18.Rg1 Rg8 19.h3 Bh5 20.Bd4 e5 21.dxe6 Qe7 22.
Ra5 Qxe6+ 23.Re5 Qc4 24.Ne4 Bg6 25.Nxf6 Bxf6 26.Qf1 Bh4+ 27.Bf2 Qxb4+ 28.
Nd2 Rad8 29.Re2 Rxd2 30.Rxd2 Rd8 31.c3 Qe4+ 32.Qe2 Qb1+ 33.Rd1 Rxd1+ 34.
Qxd1 Qxd1+ 35.Kxd1 Bxf2 36.Rf1 Bb6 37.b4 Kg7 38.Kd2 f5 39.c4 Kf6 40.c5 Bd8
41.Ra1 a6 42.c6 bxc6 43.Rxa6 Ke5 44.Rxc6 Kd5 45.Rc8 Bb6 46.Rb8 Kc6 47.Rf8 
Bc7 48.h4 f4 49.Ke2 Bh5+ 50.Kf2 Bd1 51.Rf6+ Kd5 52.Rf7 Be5 53.Rxh7 Bd4+ 
54.Kg2 Be2 55.Rf7 Ke4 56.Re7+ Kd3 57.Rd7 Kc4 58.b5 Be3 59.Rf7 Bh5 60.Rf5 
Bg6 61.Rf6 Be4+ 62.Kf1 Kd3 63.h5 f3 64.h6 Bg5 65.Rd6+ Ke3 66.b6 Bf5 67.Rd1
Bh3+ 68.Kg1 f2+ 69.Kh2 f1=Q 70.Rxf1 Bxf1 71.b7 Bf4+ 72.Kg1 Bd3 73.Kg2 Be4+
74.Kh3 Bxb7 75.h7 Be5 76.Kg4 Be4 0-1

[Event "39th World U20 ch"]
[Site "Yerevan ARM"]
[Date "2000.10.02"]
[Round "13.1"]
[White "Solak, Dragan"]
[Black "Bruzon Batista, Lazaro"]
[Result "1/2-1/2"]
[WhiteElo "2490"]
[BlackElo "2534"]
[EventDate "2000.09.18"]
[PlyCount "77"]

1.e4 c5 2.Nf3 d6 3.d4 cxd4 4.Nxd4 Nf6 5.Nc3 a6 6.Be3 e6 7.f3 b5 8.Qd2 Bb7 
9.g4 Nfd7 10.h4 Nb6 11.Nb3 b4 12.Nd1 Nc6 13.Qf2 Nd7 14.g5 Be7 15.f4 h6 16.
Rg1 hxg5 17.hxg5 Nc5 18.Bxc5 dxc5 19.Bd3 e5 20.Ne3 exf4 21.Qxf4 Qd6 22.Qf1
Rh5 23.Nc4 Qe6 24.O-O-O Ne5 25.Be2 Rxg5 26.Nd6+ Bxd6 27.Rxg5 Qh6 28.Kb1 
Qxg5 29.Rxd6 Qe7 30.Rd1 Bxe4 31.Bxa6 Kf8 32.Qb5 Rd8 33.Rxd8+ Qxd8 34.Qxc5+
Kg8 35.Nc1 Qd2 36.Qc8+ Kh7 37.Qh3+ Kg8 38.Qc8+ Kh7 39.Qh3+ 1/2-1/2

[Event "39th World U20 ch"]
[Site "Yerevan ARM"]
[Date "2000.10.02"]
[Round "13.3"]
[White "De Vreugt, Dennis"]
[Black "Asrian, Karen"]
[Result "1/2-1/2"]
[WhiteElo "2511"]
[BlackElo "2566"]
[EventDate "2000.09.18"]
[PlyCount "124"]

1.e4 c6 2.Nc3 d5 3.Nf3 Bg4 4.h3 Bxf3 5.Qxf3 e6 6.a3 Nd7 7.d4 Qb6 8.Qd3 g6 
9.Be2 Bg7 10.Be3 Ne7 11.e5 c5 12.f4 Nf5 13.dxc5 Nxc5 14.Qb5+ Qxb5 15.Bxb5+
Nd7 16.Bf2 a6 17.Bd3 h5 18.g3 Rc8 19.Kd2 Nc5 20.g4 Ne7 21.g5 Nxd3 22.cxd3 
b5 23.b4 Nc6 24.Bc5 Bf8 25.d4 Bxc5 26.dxc5 Kd7 27.Rhb1 Ra8 28.a4 Rhb8 29.
axb5 axb5 30.Rxa8 Rxa8 31.Nxb5 Ra2+ 32.Kd3 Rh2 33.Nd6 Rxh3+ 34.Kd2 Nd4 35.
b5 Nb3+ 36.Ke2 Nxc5 37.b6 Nb3 38.Nb5 Kc8 39.Nd6+ Kd7 40.Nxf7 d4 41.f5 Re3+
42.Kf2 exf5 43.e6+ Kc6 44.Re1 Rxe1 45.Kxe1 Nc5 46.Ne5+ Kd6 47.e7 Kxe7 48.
Nxg6+ Kd6 49.Nf4 Ne4 50.g6 Nf6 51.g7 Ng8 52.Kd2 Kc6 53.Kd3 Kxb6 54.Kxd4 
Kc6 55.Ke5 Kd7 56.Kxf5 h4 57.Kg6 Ke7 58.Nd5+ Kd6 59.Nf4 Ke5 60.Nd3+ Ke4 
61.Nf2+ Kf3 62.Nh3 Kg4 1/2-1/2